00755 a2200181 4500003000500000005001700005040000900022082001000031245008500041260004700126300001100173505021000184538003200394650001500426942001200441999001900453952010100472Nust20170207154215.0 cNust a378.4 aUniversity of Abertay Dundee-prospectus entry 1999cUniversity of Abertay Dundee aDundeebUniversity of Abertay Dundeec1999 a125 p. aGeneral Information (Page-6 to 30) The Campuses (Page-34) The Courses (page-40) Arts (Page-40) Carlisle (Page-68) Engineering (page-76) Health (page-128) Business (Page-146) Social Sciences (Page-166)  aAlmirah No. 117 shelf No. 1 aProspectus 2ddccBK c195087d195087 00102ddc40708NFICaMCSbMCSd2016-12-12l0o378.4 UNIpMCSPS-9r2016-12-08w2016-12-12yBK